Computers / (Record no. 16780)
[ view plain ]
| 000 -LEADER | |
|---|---|
| fixed length control field | 00407pam a2200157 a 4500 |
| 020 ## - INTERNATIONAL STANDARD BOOK NUMBER | |
| ISBN | 1560792248 : |
| 040 ## - CATALOGING SOURCE | |
| Transcribing agency | DLC |
| 082 ## - DEWEY DECIMAL CLASSIFICATION NUMBER | |
| Classification number | 004 PRI 1992 A002 Or. |
| 100 1# - MAIN ENTRY--AUTHOR NAME | |
| Personal name | Williams, Linda, |
| 245 10 - TITLE STATEMENT | |
| Title | Computers / |
| 260 ## - PUBLICATION, DISTRIBUTION, ETC. (IMPRINT) | |
| Place of publication | Princeton, N.J. : |
| Name of publisher | Peterson's, |
| Year of publication | c1992. |
| 300 ## - PHYSICAL DESCRIPTION | |
| Number of Pages | xv, 87 p. : |
| Other physical details | ill. ; |
| Dimensions | 26 cm. |
| 500 ## - GENERAL NOTE | |
| General note | "A New Century Communications book." |
| 650 #0 - SUBJECT ADDED ENTRY--TOPICAL TERM | |
| Topical Term | Computer science |
| 942 ## - ADDED ENTRY ELEMENTS (KOHA) | |
| Koha item type | សៀវភៅភាសាអង់គ្លេស |
| 952 ## - LOCATION AND ITEM INFORMATION (KOHA) | |
| Withdrawn status [LOCAL, KOHA] | 0 |
| Permanent Location | Date acquired | Koha item type | Lost status | Shelving location | Barcode | Current Location | Full call number |
|---|---|---|---|---|---|---|---|
| Library Block A | 2018-04-25 | សៀវភៅភាសាអង់គ្លេស | A002 | A15152 | Library Block A | 004 PRI 1992 A002 Or. |